| 000 | 00779nam a22002057a 4500 | ||
|---|---|---|---|
| 003 | 0 | ||
| 005 | 20250129100955.0 | ||
| 008 | 150827b xxu||||| |||| 00| 0 eng d | ||
| 050 |
_aPGS GV 443 _b.B214 2015 |
||
| 100 | _aBandong, Mohaimen N. | ||
| 245 |
_aSports engagement and self-esteem / _cMohaimen N. Bandong. |
||
| 260 |
_aLas PiƱas City, Philippines : _bSouthville International School and Colleges, _c2015. |
||
| 300 |
_a23 p. : _bill. ; _c28 cm. _fPASS |
||
| 504 | _aIncludes bibliographical references. | ||
| 650 |
_2Library of Congress Subject Headings _aSports _vPsychological aspects. |
||
| 650 |
_2Library of Congress Subject Headings _aSelf-esteem in children. |
||
| 650 |
_aChildren _vSocial aspects. |
||
| 650 | _aGrade 6 (Education). | ||
| 942 |
_2lcc _cPASS |
||
| 999 |
_c288527 _d288527 |
||